El arte de la Edad Media
Saved in:
| Hovedforfatter: | |
|---|---|
| Format: | Bog |
| Sprog: | spansk |
| Udgivet: |
Barcelona
Gustavo Gili
1981
|
| Serier: | G. G. Arte
|
| Fag: | |
| Tags: |
Tilføj Tag
Ingen Tags, Vær først til at tagge denne postø!
|
MARC
| LEADER | 00000nam a2200000 a 4500 | ||
|---|---|---|---|
| 001 | UCW9243 | ||
| 003 | CL-VaPUC | ||
| 008 | 881228e19810000SP |||||||||||||||||spa|d | ||
| 082 | 0 | 4 | |a 709.02 |b SCH |2 21 |
| 100 | 0 | |a Schlosser, Julius |e author |9 314434 | |
| 245 | 1 | 3 | |a El arte de la Edad Media |
| 300 | |a 120 p | ||
| 942 | |c BK | ||
| 945 | |d 19881228 00:00:00 | ||
| 260 | |a Barcelona |b Gustavo Gili |c 1981 | ||
| 500 | |a Incluye 118 figuras | ||
| 650 | 0 | |a Arte medieval |9 267894 | |
| 583 | |a last modification |c 19881228 00:00:00 |k Rodrigo Vera | ||
| 490 | 0 | |a G. G. Arte | |
| 999 | |c 221264 |d 221262 | ||
| 952 | |0 0 |1 0 |4 0 |6 709_020000000000000_SCH_1981 |7 0 |8 A |9 214397 |a BIBHIS |b BIBHIS |d 2019-11-15 |i 2830124 |l 3 |o 709.02 SCH 1981 |p 2830124 |r 2025-01-20 |s 2022-11-18 |w 2019-11-15 |y BK |k HIS | ||